[Event "CFriend AR-2003-F-00004 email"]
[Site "Chessfriend.com"]
[Date "2004.05.07"]
[Round "1"]
[White "Schwaiger, Michael"]
[Black "Yakimov, Alexander"]
[Result "1-0"]
[WhiteElo "2289"]
[BlackElo "2239"]
[PlyCount "65"]
[EventDate "2004.??.??"]
[EventType "tourn (corr)"]
[EventRounds "12"]
[SourceTitle "Corr 2008"]
[Source "ChessBase"]
[SourceDate "2008.06.24"]
[SourceVersion "1"]
[SourceVersionDate "2008.06.24"]
[SourceQuality "1"]

1. d4 Nf6 2. c4 e6 3. Nf3 b6 4. g3 Bb7 5. Bg2 Bb4+ 6. Bd2 Be7 7. Nc3 0-0 8. 0-0 Na6 9. Rc1 c5 10. d5 d6 11. e4 exd5 12. exd5 Nc7 13. Re1 Re8 14. a4 a6 15. b3 b5 16. Qc2 b4 17. Ne2 Bc8 18. h3 Bf8 19. Bf4 g6 20. g4 Ne4 21. Nfd4 Nxf2 22. Kxf2 cxd4 23. Kg1 Bg7 24. Qd2 d3 25. Qxd3 Bb2 26. Rcd1 Be5 27. Bxe5 Rxe5 28. Nd4 Rxe1+ 29. Rxe1 Bd7 30. Qd2 a5 31. Qf4 Ne8 32. g5 Rc8 33. Kh2 1-0

[Event "CFriend AR-2003-F-00004 email"]
[Site "Chessfriend.com"]
[Date "2004.05.07"]
[Round "1"]
[White "Terreaux, Gilles"]
[Black "Yakimov, Alexander"]
[Result "1-0"]
[WhiteElo "2304"]
[BlackElo "2239"]
[PlyCount "81"]
[EventDate "2004.??.??"]
[EventType "tourn (corr)"]
[EventRounds "12"]
[SourceTitle "Corr 2008"]
[Source "ChessBase"]
[SourceDate "2008.06.24"]
[SourceVersion "1"]
[SourceVersionDate "2008.06.24"]
[SourceQuality "1"]

1. d4 Nf6 2. Nf3 e6 3. e3 b6 4. Bd3 Bb7 5. 0-0 c5 6. c4 d6 7. Nc3 Nbd7 8. b3 a6 9. Bb2 Qc7 10. Rc1 Be7 11. d5 exd5 12. cxd5 0-0 13. a4 Rfe8 14. Re1 Bf8 15. Nd2 Ne5 16. Nc4 Nxd3 17. Qxd3 Rab8 18. e4 Bc8 19. f3 Nd7 20. Ne2 b5 21. axb5 axb5 22. Ne3 Ne5 23. Qd2 Qe7 24. Ra1 f6 25. f4 Ng4 26. Nxg4 Bxg4 27. Ng3 Bd7 28. b4 cxb4 29. Ra7 Rec8 30. e5 fxe5 31. fxe5 dxe5 32. d6 Qf7 33. Rxe5 Ra8 34. Rf5 Qe6 35. Rxd7 Qxd7 36. Qd5+ Kh8 37. Rf7 Qe8 38. h3 Qd8 39. Nf5 Rc3 40. d7 h6 41. Nxh6 1-0

[Event "CFriend AR-2003-F-00004 email"]
[Site "Chessfriend.com"]
[Date "2004.05.07"]
[Round "1"]
[White "Tushev, Andrey"]
[Black "Yakimov, Alexander"]
[Result "1-0"]
[WhiteElo "2186"]
[BlackElo "2239"]
[PlyCount "87"]
[EventDate "2004.??.??"]
[EventType "tourn (corr)"]
[EventRounds "12"]
[SourceTitle "Corr 2008"]
[Source "ChessBase"]
[SourceDate "2008.06.24"]
[SourceVersion "1"]
[SourceVersionDate "2008.06.24"]
[SourceQuality "1"]

1. e4 c5 2. c3 d5 3. exd5 Qxd5 4. d4 Nf6 5. Nf3 Nc6 6. Be3 cxd4 7. cxd4 Bg4 8. Nc3 Qa5 9. h3 Bh5 10. Be2 e6 11. 0-0 Rd8 12. a3 Be7 13. b4 Qc7 14. Rc1 Qd6 15. Qa4 a6 16. d5 exd5 17. g4 Bg6 18. b5 axb5 19. Nxb5 Qd7 20. Ne5 Nxe5 21. Rc7 0-0 22. Rxd7 Nexd7 23. f4 Ra8 24. Qd1 h6 25. f5 Bh7 26. h4 Ne4 27. Qxd5 Ndf6 28. Qxb7 Bxa3 29. g5 Rab8 30. Qa6 Ra8 31. Na7 Bc5 32. Bxc5 Nxc5 33. Qc6 Nfe4 34. Qc7 Rfb8 35. Nc6 Rb7 36. Qf4 Kh8 37. Bf3 Re8 38. Rd1 f6 39. gxh6 g5 40. hxg5 Nxg5 41. Bg2 Nce4 42. Rd8 Rg8 43. Rxg8+ Bxg8 44. Nd8 1-0

[Event "CFriend AR-2003-F-00004 email"]
[Site "Chessfriend.com"]
[Date "2004.05.07"]
[Round "1"]
[White "Yakimov, Alexander"]
[Black "Billaudelle, Frank"]
[Result "0-1"]
[WhiteElo "2239"]
[BlackElo "2354"]
[PlyCount "96"]
[EventDate "2004.??.??"]
[EventType "tourn (corr)"]
[EventRounds "12"]
[SourceTitle "Corr 2008"]
[Source "ChessBase"]
[SourceDate "2008.06.24"]
[SourceVersion "1"]
[SourceVersionDate "2008.06.24"]
[SourceQuality "1"]

1. d4 d5 2. c4 dxc4 3. e4 e5 4. Nf3 Bb4+ 5. Nc3 exd4 6. Nxd4 Qh4 7. Qf3 Nf6 8. Bf4 Bg4 9. Qe3 Bc5 10. Bxc7 0-0 11. Bxc4 Nc6 12. Nf5 Bxf5 13. Qxc5 Nxe4 14. Qxf5 Nxc3 15. Qf4 Qe7+ 16. Kf1 Ne4 17. Bd5 Rae8 18. Bxe4 Qxe4 19. Qxe4 Rxe4 20. Re1 Rxe1+ 21. Kxe1 Rc8 22. Bg3 Nb4 23. Kd2 Rc2+ 24. Ke3 Rxb2 25. Rd1 h6 26. Rd8+ Kh7 27. Rd7 Kg6 28. a4 Ra2 29. Rxb7 Rxa4 30. Bd6 Nd5+ 31. Kd3 Ra2 32. g4 Rxf2 33. Rxa7 Nf4+ 34. Ke3 Nh3 35. Ra3 Kg5 36. Ke4 Kxg4 37. Rg3+ Kh4 38. Ke3 Rf1 39. Rxg7 f5 40. Bg3+ Kh5 41. Ke2 Ra1 42. Be5 Ra2+ 43. Kf3 Ng5+ 44. Kg3 Ra3+ 45. Kg2 Ra4 46. Kf1 f4 47. h4 Kxh4 48. Rg6 Kh5 0-1

[Event "CFriend AR-2003-F-00004 email"]
[Site "Chessfriend.com"]
[Date "2004.05.07"]
[Round "1"]
[White "Yakimov, Alexander"]
[Black "Jordan, Juergen"]
[Result "1/2-1/2"]
[WhiteElo "2239"]
[BlackElo "2267"]
[PlyCount "85"]
[EventDate "2004.??.??"]
[EventType "tourn (corr)"]
[EventRounds "12"]
[SourceTitle "Corr 2008"]
[Source "ChessBase"]
[SourceDate "2008.06.24"]
[SourceVersion "1"]
[SourceVersionDate "2008.06.24"]
[SourceQuality "1"]

1. e4 c5 2. Nf3 Nc6 3. d4 cxd4 4. Nxd4 g6 5. c4 Nf6 6. Nc3 d6 7. Be2 Nxd4 8. Qxd4 Bg7 9. Be3 0-0 10. Qd2 Be6 11. 0-0 Qa5 12. Rab1 Rfc8 13. b3 a6 14. Rfc1 Rab8 15. f3 Kf8 16. b4 Qd8 17. Nd5 b5 18. cxb5 axb5 19. Rxc8 Bxc8 20. Nc3 Bd7 21. e5 Ne8 22. exd6 Nxd6 23. Rd1 Bc6 24. Bc5 Qc7 25. Nd5 Bxd5 26. Qxd5 Kg8 27. g3 Rd8 28. Qb3 Ra8 29. Rd5 Qd7 30. Bxd6 exd6 31. Rxb5 Qa7+ 32. Kf1 Rc8 33. Rd5 Rc3 34. Qd1 Qa3 35. Kg2 Qxb4 36. Rxd6 h5 37. Rd3 Rxd3 38. Qxd3 Bb2 39. Qd5 Ba3 40. Bc4 Qb2+ 41. Kh3 Qf6 42. Qa8+ Bf8 43. Qe4 1/2-1/2

[Event "CFriend AR-2003-F-00004 email"]
[Site "Chessfriend.com"]
[Date "2004.05.07"]
[Round "1"]
[White "Yakimov, Alexander"]
[Black "Kuhne, Detlev"]
[Result "1-0"]
[WhiteElo "2239"]
[BlackElo "2334"]
[PlyCount "63"]
[EventDate "2004.??.??"]
[EventType "tourn (corr)"]
[EventRounds "12"]
[SourceTitle "Corr 2008"]
[Source "ChessBase"]
[SourceDate "2008.06.24"]
[SourceVersion "1"]
[SourceVersionDate "2008.06.24"]
[SourceQuality "1"]

1. d4 Nf6 2. Nf3 d5 3. c4 c6 4. Nc3 dxc4 5. a4 Bf5 6. e3 e6 7. Bxc4 Bb4 8. 0-0 Nbd7 9. Qb3 Qb6 10. e4 Bg4 11. h3 Bxf3 12. gxf3 0-0 13. Be3 Qa5 14. Rfd1 e5 15. Ne2 Rad8 16. Ng3 exd4 17. Bxd4 Bc5 18. Bc3 Qc7 19. Nf5 Nh5 20. Rd2 Nb6 21. a5 Nxc4 22. Qxc4 Rxd2 23. Bxd2 Bd6 24. Be3 Bf4 25. Bxa7 g6 26. Ne3 Be5 27. Bb6 Qb8 28. Ng4 Nf4 29. Bc5 Rd8 30. Be7 Nxh3+ 31. Kf1 Rd4 32. Qc5 1-0

[Event "CFriend AP-2004-Q-00011 email"]
[Site "Chessfriend.com"]
[Date "2004.04.22"]
[Round "?"]
[White "Mauro, Lucio"]
[Black "Yakimov, Alexander"]
[Result "1-0"]
[WhiteElo "2278"]
[BlackElo "2232"]
[PlyCount "41"]
[EventDate "2004.??.??"]
[EventType "tourn (corr)"]
[EventRounds "12"]
[SourceTitle "Corr 2008"]
[Source "ChessBase"]
[SourceDate "2008.06.24"]
[SourceVersion "1"]
[SourceVersionDate "2008.06.24"]
[SourceQuality "1"]

1. e4 c5 2. Nf3 e6 3. d4 cxd4 4. Nxd4 a6 5. Nc3 Qc7 6. Bd3 Nf6 7. 0-0 Nc6 8. Be3 b5 9. Nxc6 dxc6 10. f4 e5 11. f5 Bb7 12. Qf3 h5 13. a4 b4 14. Nd1 c5 15. Qe2 Nxe4 16. Bxe4 Bxe4 17. Bf4 Qb7 18. Nf2 Bxf5 19. Qxe5+ Be6 20. Rad1 h4 21. h3 1-0

[Event "CFriend AP-2004-Q-00011 email"]
[Site "Chessfriend.com"]
[Date "2004.04.22"]
[Round "1"]
[White "Ould Ahmed, Samy"]
[Black "Yakimov, Alexander"]
[Result "1-0"]
[WhiteElo "2199"]
[BlackElo "2180"]
[PlyCount "79"]
[EventDate "2004.??.??"]
[EventType "tourn (corr)"]
[EventRounds "12"]
[SourceTitle "Corr 2024"]
[Source "ChessBase"]
[SourceDate "2023.10.19"]
[SourceVersion "1"]
[SourceVersionDate "2023.10.19"]
[SourceQuality "1"]

1. e4 c5 2. Nf3 e6 3. d4 cxd4 4. Nxd4 a6 5. Nc3 Qc7 6. Be3 Nc6 7. f3 Nf6 8. Qd2 b5 9. g4 Ne5 10. 0-0-0 h6 11. h4 b4 12. Na4 d5 13. Be2 dxe4 14. Nb6 Ra7 15. f4 Nd3+ 16. Bxd3 exd3 17. Nxc8 Qxc8 18. Qxd3 Nxg4 19. Nxe6 Rd7 20. Qe4 Nxe3 21. Rxd7 Kxd7 22. Nxf8+ Rxf8 23. Qxe3 Rd8 24. Qd4+ Kc7 25. Qc5+ Kb8 26. Qxb4+ Ka8 27. Qe4+ Kb8 28. Qb4+ Ka8 29. Qb6 Rd7 30. Re1 Rc7 31. Re2 Rc6 32. Qd4 g6 33. Qd5 Qc7 34. Re8+ Ka7 35. Qd4+ Rb6 36. b3 Qd6 37. Qxd6 Rxd6 38. Re7+ Kb6 39. Rxf7 Kc5 40. Rh7 1-0

[Event "CFriend AP-2004-Q-00011 email"]
[Site "Chessfriend.com"]
[Date "2004.04.22"]
[Round "1"]
[White "Yakimov, Alexander"]
[Black "Vidalina, Franjo"]
[Result "1-0"]
[WhiteElo "2180"]
[BlackElo "2306"]
[PlyCount "75"]
[EventDate "2004.??.??"]
[EventType "tourn (corr)"]
[EventRounds "12"]
[SourceTitle "Corr 2024"]
[Source "ChessBase"]
[SourceDate "2023.10.19"]
[SourceVersion "1"]
[SourceVersionDate "2023.10.19"]
[SourceQuality "1"]

1. Nf3 Nf6 2. b3 d5 3. Bb2 e6 4. e3 c5 5. Bb5+ Bd7 6. Bxd7+ Nbxd7 7. c4 Bd6 8. 0-0 0-0 9. d3 Re8 10. Qc2 Ng4 11. Nbd2 Nge5 12. Rfd1 Rc8 13. Rac1 a6 14. a3 b5 15. h3 Rc7 16. a4 b4 17. Nxe5 Nxe5 18. d4 Nd7 19. dxc5 Nxc5 20. Bd4 e5 21. Bxc5 Rxc5 22. Qb1 Be7 23. Ne4 Ra5 24. Rd2 Qa8 25. cxd5 Rxd5 26. Rc7 Rxd2 27. Nxd2 Bd6 28. Rd7 Qc6 29. Qf5 Rf8 30. Ne4 Bb8 31. Kh2 h6 32. h4 Bc7 33. h5 a5 34. g4 Bd8 35. Nd6 Bf6 36. Nc4 Qa6 37. Nxe5 Bxe5+ 38. Qxe5 1-0

[Event "CFriend AR-2003-Q-00005 email"]
[Site "Chessfriend.com"]
[Date "2003.12.03"]
[Round "1"]
[White "Godlauskas, Arturas"]
[Black "Yakimov, Alexander"]
[Result "0-1"]
[WhiteElo "1768"]
[BlackElo "2239"]
[PlyCount "52"]
[EventDate "2003.??.??"]
[EventType "tourn (corr)"]
[EventRounds "12"]
[SourceTitle "Corr 2008"]
[Source "ChessBase"]
[SourceDate "2008.06.24"]
[SourceVersion "1"]
[SourceVersionDate "2008.06.24"]
[SourceQuality "1"]

1. e4 c5 2. Nf3 Nc6 3. d4 cxd4 4. Nxd4 e5 5. Nb5 d6 6. c4 Be7 7. N1c3 a6 8. Na3 Be6 9. Be2 Bg5 10. 0-0 Nd4 11. Nc2 Nxc2 12. Qxc2 Bxc1 13. Raxc1 Ne7 14. Rfd1 Nc6 15. Bf1 Qg5 16. Qb3 Rb8 17. Qa3 Rd8 18. Ne2 0-0 19. Qe3 Qxe3 20. fxe3 Rc8 21. Nc3 Rfd8 22. Be2 Kf8 23. Kf2 Ne7 24. b3 Ng8 25. Nd5 Bxd5 26. exd5 Nf6 0-1

[Event "CFriend AR-2003-Q-00005 email"]
[Site "Chessfriend.com"]
[Date "2003.12.03"]
[Round "1"]
[White "Yakimov, Alexander"]
[Black "Haeusler, Werner"]
[Result "1/2-1/2"]
[WhiteElo "2239"]
[BlackElo "2460"]
[PlyCount "88"]
[EventDate "2003.??.??"]
[EventType "tourn (corr)"]
[EventRounds "12"]
[SourceTitle "Corr 2008"]
[Source "ChessBase"]
[SourceDate "2008.06.24"]
[SourceVersion "1"]
[SourceVersionDate "2008.06.24"]
[SourceQuality "1"]

1. e4 c5 2. Nf3 e6 3. d4 cxd4 4. Nxd4 Qb6 5. Nb3 Qc7 6. Nc3 a6 7. Bd3 Nf6 8. 0-0 d6 9. Be3 b6 10. f4 Nbd7 11. Qf3 Be7 12. Rad1 Bb7 13. Qg3 h5 14. h3 h4 15. Qf2 b5 16. a3 g6 17. Bd4 Rh7 18. Rfe1 Nh5 19. e5 dxe5 20. fxe5 Ng3 21. Ne4 Nxe4 22. Bxe4 Bxe4 23. Rxe4 Rh5 24. Qe2 Rd8 25. Rd3 Nb6 26. Kh1 Nc4 27. Nd2 Nxd2 28. Rxd2 Rf5 29. b4 Bg5 30. Rd3 Bf4 31. Rc3 Qd7 32. Rd3 Qb7 33. Kg1 Bg3 34. Qg4 Rd5 35. Rxg3 hxg3 36. Qxg3 Kf8 37. Rh4 Qe7 38. c3 Kg8 39. Qe1 Qd8 40. Kh2 Rf1 41. Rh8+ Kxh8 42. Qxf1 Kg8 43. Qf4 Qc7 44. Qg5 Qc8 1/2-1/2

[Event "CFriend AQ-2003-0-00001 email"]
[Site "Chessfriend.com"]
[Date "2003.09.17"]
[Round "1"]
[White "Yakimov, Alexander"]
[Black "Valdez Aguero, Daniel"]
[Result "1-0"]
[WhiteElo "2257"]
[BlackElo "1687"]
[PlyCount "51"]
[EventDate "2003.??.??"]
[EventType "tourn (corr)"]
[EventRounds "12"]
[SourceTitle "Corr 2008"]
[Source "ChessBase"]
[SourceDate "2008.06.24"]
[SourceVersion "1"]
[SourceVersionDate "2008.06.24"]
[SourceQuality "1"]

1. e4 c6 2. d4 d5 3. Nc3 dxe4 4. Nxe4 Nd7 5. Ne2 Ngf6 6. N2g3 e6 7. Bd3 Nxe4 8. Nxe4 Nf6 9. c3 Nxe4 10. Bxe4 Bd6 11. Qg4 g6 12. Qf3 Qe7 13. Bxc6+ Kd8 14. Ba4 Rb8 15. Bf4 Rf8 16. Be5 f5 17. 0-0 b5 18. Bb3 Bb7 19. Qe2 Bd5 20. Bxd5 exd5 21. Rfe1 Kd7 22. Qf3 Qf7 23. b4 Rbc8 24. a4 a6 25. axb5 axb5 26. Qe2 1-0